Statistics for A-Z of Nickelodeon shows

Click here to take the quiz!

General Stats

  • This quiz has been taken 517 times
  • The average score is 5 of 22

Answer Stats

HintAnswer% Correct
IIcarly
80%
VVictorious
69%
DDrake and Josh
55%
ZZoey 101
50%
SSam and Cat
42%
RRugrats
31%
AAll that
27%
FFairly odd parents
25%
HHey Arnold
23%
KKenan and Kel
18%
LLoud house
17%
TThe Thundermans
17%
JJimmy Neutron
14%
NNed's declassified school survival guide
8%
BBella and the bulldogs
6%
EEvery witch way
4%
UUnfabulous
4%
CClarissa explains it all
3%
PPaw patrol
3%
MMake it pop
2%
WWendell and Vinnie
1%
YYu Gi Oh
1%

Score Distribution

Percentile by Number Answered

Percent of People with Each Score

Your Score History

You have not taken this quiz